000 00444cam a22001217a 4500
008 180718b1963 xxu||||| |||| 00| 0 eng d
082 _aA81x54 In2/61/20/PT6/1
100 _aCensus of India 1961
245 _aHimachal Pradesh: a village survey of Kothi (Kalpa sub-division, district Kinnaur)
260 _aDelhi
_bThe Manager of Publications
_c1963
300 _a131+p.
440 _aCensus of India 1961. Volume XX, Himachal Pradesh. Part VI-No.1
999 _c484065
_d484065